Länder Europas nach Bauernparteien - Statistiken

Allgemein
  • Dieses Quiz wurde 5 mal gespielt
  • Das Durchschnittsergebnis liegt bei 19 aus 24
Antwortstatistiken
Parteien Länder % Korrekt
Bayerischer Bauernbund, Bund der Landwirte Deutschland
100%
Agrarunion, Åländsk Center, Bauernpartei, _ Zentrumspartei Finnland
100%
BoerBurgerBeweging, Boerenpartij, Plattelandersbond Niederlande
100%
Senterpartiet Norwegen
100%
Landbund Österreich
100%
Front der Pflüger, Nationale Bauernpartei Rumänien
100%
Bauern-, Gewerbe- und Bürgerpartei Schweiz
100%
Partia Agrare Ambientaliste e Shqipërisë, Partia e Gjelbër Albanien
80%
BoerBurgerBelangen Belgien
80%
Hrvatska seljačka stranka Bosnien und Herzegowina
80%
_ Semedelski Naroden Sajus, _ Semedelski Naroden Sajus Aleksandar Stambolijski Bulgarien
80%
Sambandsflokkurin, Venstre Dänemark
80%
Farmers’ Party Irland
80%
_ Bauernpartei Kroatien
80%
Polskie Stronnictwo Ludowe, Samoobrona Polen
80%
Unabhängige Partei der Kleinlandwirte, der Landarbeiter und des Bürgertums Ungarn
80%
Bund der Landwirte, _ Rahvaliit Estland
60%
Fortschrittspartei, Zentrumspartei Island
60%
Bauernverband Lettland
60%
Bauernpartei Litauen
60%
Centerpartiet/Bondeförbundet, Schweden
60%
Bauernpartei, Nationale Bauernpartei Serbien
60%
_ Demokratische Bauernpartei Ukraine
60%
Agrarnaya Partya _ Belarus
40%
Keine übereinstimmenden Quizze gefunden
Verteilung der Resultate
Anzahl Personen mit jedem Resultat
Perzentil nach korrekt beantworteten Fragen
Ihre Resultats-Entwicklung
Sie haben dieses Quiz noch nicht gespielt